Online
Catalog

Francisco de Miranda en Italia / (Record no. 18620)

MARC details
000 -CABECERA
campo de control de longitud fija 00758cam a2200205 a 4500
001 - NÚMERO DE CONTROL
campo de control 000019102
005 - FECHA Y HORA DE LA ÚLTIMA TRANSACCIÓN
campo de control 20200929165926.0
008 - DATOS DE LONGITUD FIJA--INFORMACIÓN GENERAL
campo de control de longitud fija 750618s1966 ve abc 000 0 spa d
040 ## - FUENTE DE LA CATALOGACIÓN
Centro catalogador/agencia de origen DO-SdBNP
Lengua de catalogación spa
Centro/agencia transcriptor DLC
Centro/agencia modificador BNPHU
082 ## - NÚMERO DE LA CLASIFICACIÓN DECIMAL DEWEY
Número de clasificación 923.9
Número de documento/Ítem M672p
049 ## - FONDOS LOCALES (OCLC)
Fondos de biblioteca BNGR
100 1# - ENTRADA PRINCIPAL--NOMBRE DE PERSONA
Nombre de persona Pineda, Rafael,
Fechas asociadas al nombre 1926-
9 (RLIN) 41100
245 10 - MENCIÓN DE TÍTULO
Título Francisco de Miranda en Italia /
Mención de responsabilidad, etc. Rafael Pineda.
260 ## - PUBLICACIÓN, DISTRIBUCIÓN, ETC.
Lugar de publicación, distribución, etc. Los Teques [Venezuela] :
Nombre del editor, distribuidor, etc. Gobierno del Estado Miranda,
-- Casa de la Cultura Los Teques,
Fecha de publicación, distribución, etc. 1966.
300 ## - DESCRIPCIÓN FÍSICA
Extensión 86 p. :
Otras características físicas il., mapas, retrs. ;
Dimensiones 22 cm.
500 ## - NOTA GENERAL
Nota general "Homenaje en el sesquicentenario de la muerte de Miranda."
600 14 - PUNTO DE ACCESO ADICIONAL DE MATERIA--NOMBRE DE PERSONA
Nombre de persona MIRANDA, FRANCISCO DE,
Fechas asociadas al nombre 1750-1816.
9 (RLIN) 10352
651 #4 - PUNTO DE ACCESO ADICIONAL DE MATERIA--NOMBRE GEOGRÁFICO
Nombre geográfico Italia
Subdivisión general Descripciones Y Viajes.
9 (RLIN) 41106
910 ## - DATOS DE OPCIÓN DEL USUARIO (OCLC)
Datos de opción del usuario Catalogación derivada / LC
Holdings
Estado de retiro Estado de pérdida Restricciones de uso No para préstamo Código de colección Localización permanente Ubicación/localización actual Ubicación en estantería Fecha de adquisición Número de inventario Total de préstamos Signatura topográfica completa Código de barras Fecha visto por última vez Precio válido a partir de Tipo de ítem Koha
        Monografías: Libros y Folletos General General En catalogación 25.05.2010 LF1   923.9 M672p 19102-10 25.06.2020 25.06.2020 Préstamo en sala

Powered by Koha